000
00288nam a22001337a 4500
999
_c
161770
_d
161770
020
_a
082
_a
_b
100
_a
Rajmani Sharma
245
_a
Aadhunik bhasha vignan/
_c
by Rajmani Sharma.
260
_a
New Delhi:
_b
Vani,
_c
2007.
300
_a
371p.
650
_a
942
_c
BK